000 00604nam a2200205Ii 4500
003 JO-AjNU
008 230606s9999||||xx |||||||||||||| ||und||
020 _a978-04155-02986
040 _aJO-AjNU
_beng
_erda
_cJO-AjNU
041 _aeng
050 1 4 _aHE333.T75 2006
100 3 _aFlaherty,
_eauthor
_94901
245 0 0 _aTransport Planning and Traffic Engineering
264 3 1 _aNew York :CRC press ,2006
300 _a544P
336 _atext
_btxt
_2rdacontent
337 _aunmediated
_bn
_2rdamedia
338 _avolume
_bnc
_2rdacarrier
650 4 _aTransport Planning -Traffic Engineering
_94902
999 _aE2536
_c2534
_d2534